LEADER 01464nam a2200361 u 4500 001 000000056452 003 CaOOAMICUS 005 20150316151704.0 008 940514s1989 it a u000 u ita u 020 $a884203472X 035 $a10874237 040 $aPica$bdut$dPUL(R) 041 1 $aita$hfre 100 1 $aDelort, Robert,$d1932-$0(OLS)http://pul/name/16913 240 10$aVie au Moyen Age.$lItaliano.$0(OLS)http://pul/title/75506 245 13$aLa vita quotidiana nel Medioevo /$cRobert Delort. 260 $aRoma :$bLaterza,$c1989. 300 $aviii, 264 p.$bill.$c22 cm 490 1 $aStoria e società 500 $aTraduzione di Maria Garin. 504 $aBibliografia: [253]-262. 650 4$aMedioevo$xStoria sociale.$0(OLS)http://pul/subject/11575 700 1 $aGarin, Maria.$0(OLS)http://pul/name/39569 830 0$aStoria e società (Laterza).$0(OLS)http://pul/title/761 850 $aPUL 852 $aPUL$W1$xDP1 Fondo Capitani$y116$m10 F 39$j43887$qFondi$B164345$CPULBib$Z2$F164345 $HCap1018 $82 852 $aPUL$W1$xSL Filosofia 1$y2$m106 F 92$j74041$nBK-PRI$b $qStampati$B74041$CPULBib$Z2$F74041 $H $81 941 1 $a8 941 1 $a1 961 $aINV: 64626 996 $6020$a884203472X$9(OLS)http://pul/number/71180 996 $6245$aLa vita quotidiana nel Medioevo$9(OLS)http://pul/title/75507 996 $6260$aRoma :$bLaterza$9(OLS)http://pul/publisher/47864 LEADER 01410nam a2200265 a 4500 001 000000144290 003 CaOOAMICUS 005 20150623125523.0 008 150623s1993 it u100 u ita r 040 $aPUL$bita 111 2 $aConvegno liturgico-pastorale$n(3 :$d1993 :$cPalermo).$0(OLS)http://pul/name/92590 245 12$aL'accoglienza nella comunità ecclesiale :$bil Rica a vent'anni dalla promulgazione, Atti del 3. convegno liturgico-pastorale, Palermo 7-9 gennaio 1993. 260 $aPalermo :$bEdi Oftes$g1993 300 $a404 p. ;$c24 cm 500 $aIn testa al front.: Facoltà teologica di Sicilia "S. Giovanni Evangelista". 650 4$aCristianesimo$xCongressi.$0(OLS)http://pul/subject/28384 710 2 $aPontificia Facoltà Teologica di Sicilia "S. Giovanni Evangelista".$0(OLS)http://pul/name/110338 850 $aPUL 852 $aPUL$W1$xDP1 Fondo S. Lanza$y121$m3 E 57$j166412$qFondi$B167017$CPULBib$Z2$F167017 $HLan987 $82 910 $aFacoltà teologica di Sicilia "S. Giovanni Evangelista"$9110338 941 1 $a1 961 $aNota ms. di possesso: Sergio Lanza 996 $6245$aL'accoglienza nella comunità ecclesiale :$bil Rica a vent'anni dalla promulgazione, Atti del 3. convegno liturgico-pastorale, Palermo 7-9 gennaio 1993$9(OLS)http://pul/title/182565 996 $6260$aPalermo :$bEdi Oftes$9(OLS)http://pul/publisher/48455